Länder Europas auf Niederländisch - Statistiken

Allgemein
  • Dieses Quiz wurde 11 mal gespielt
  • Das Durchschnittsergebnis liegt bei 14 aus 43
Antwortstatistiken
Deutsch 🇩🇪 Niederländisch 🇳🇱 % Korrekt
Belgien België
100%
Deutschland Duitsland
100%
Niederlande Nederland
100%
Andorra Andorra
82%
Finnland Finland
82%
Malta Malta
73%
Polen Polen
73%
San Marino San Marino
73%
Albanien Albanië
64%
Estland Estland
64%
Kroatien Kroatië
64%
Portugal Portugal
64%
Italien Italië
55%
Liechtenstein Liechtenstein
45%
Monaco Monaco
45%
Montenegro Montenegro
45%
Bosnien und Herzegowina Bosnië en Herzegowina
36%
Frankreich Frankrijk
36%
Luxemburg Luxemburg
36%
Russland Rusland
36%
Lettland Letland
27%
Bulgarien Bulgarije
18%
Österreich Oostenrijk
18%
Spanien Spanje
18%
Dänemark Denemarken
9%
Griechenland Griekenland
9%
Island IJsland
9%
Rumänien Roemenië
9%
Slowenien Slovenië
9%
Slowakei Slowakije
9%
Belarus Wit-Rusland
9%
Schweden Zweden
9%
Schweiz Zwitserland
9%
Irland Ierland
0%
Litauen Litouwen
0%
Moldau Moldavië
0%
Nordmazedonien Noord-Macedonië
0%
Norwegen Noorwegen
0%
Ukraine Oekraïne
0%
Serbien Servië
0%
Tschechien Tsjechische Republik
0%
Vatikanstadt Vaticaanstad
0%
Vereinigtes Königreich Verenigd Koninkrijk
0%
Keine übereinstimmenden Quizze gefunden
Verteilung der Resultate
Anzahl Personen mit jedem Resultat
Perzentil nach korrekt beantworteten Fragen
Ihre Resultats-Entwicklung
Sie haben dieses Quiz noch nicht gespielt